Thời gian trong ca dao

Kaydedildi:
Detaylı Bibliyografya
Yazar: Trần Sĩ Huệ
Materyal Türü: Bilinmiyor
Dil:Vietnamese
Baskı/Yayın Bilgisi: Thanh Niên 2011
Konular:
Etiketler: Etiketle
Etiket eklenmemiş, İlk siz ekleyin!
Thư viện lưu trữ: Mạng thư viện Đại học Đà Nẵng
LEADER 00875na a2200265 4500
001 000031382
003 6046
005 20151001093450.0
008 151001s2011 000 vie
020 |a 9786046400455 
082 |a 398.9  |b TR-H 
100 |a Trần Sĩ Huệ 
245 |a Thời gian trong ca dao  |c Trần Sĩ Huệ 
260 |a Thanh Niên  |c 2011 
300 |a 411tr. : mh ; 20.5 cm 
650 |a Thời gian ca dao, Việt Nam 
OWN |a LNN 
AVA |a UDN50  |b LNN  |d 398.9 TR-H  |e available  |t Error 5001 Not defined in file expand_doc_bib_avail.  |f 1  |g 0  |h N  |i 0  |k 1 
999 |a From the UDN01 
AVA |a UDN50  |b LNN  |d 398.9 TR-H  |e available  |t Error 5001 Not defined in file expand_doc_bib_avail.  |f 1  |g 0  |h N  |i 0  |k 1 
TYP |a Printed language 
980 |a Mạng thư viện Đại học Đà Nẵng